| 000 | 00642nam a22001937a 4500 | ||
|---|---|---|---|
| 003 | JO-AjAnu | ||
| 005 | 20231212095553.0 | ||
| 008 | 231212b jo ||||| |||| 00| 0 ara d | ||
| 040 |
_beng _cJO-AjAnu _dANU |
||
| 100 |
_aDenna، Eric L _965012 _eAuthor |
||
| 245 |
_a Accounting Information Systems / _cEric L. Denna, Dennis L. Kimmell |
||
| 250 | _aFihth Edition | ||
| 260 |
_aUSA : _bAddison-Wesley Publishing Company، _c1990 |
||
| 300 | _a100 pages | ||
| 500 | _aInstructor’s Manual / Test Bank / Transparencies : Cushing / Romney | ||
| 650 | _vAccounting | ||
| 700 |
_aDennis L. Kimmell _965015 _eJoint Author |
||
| 942 |
_2lcc _cBK _n0 |
||
| 999 |
_c33299 _d33299 |
||